| 000 | 00530nam a22002057a 4500 | ||
|---|---|---|---|
| 003 | OSt | ||
| 005 | 20250312205209.0 | ||
| 008 | 250312b |||||||| |||| 00| 0 eng d | ||
| 020 | _a8122001629 | ||
| 040 | _cCentral University Library | ||
| 100 | _aKuppuswamy B. | ||
| 245 | _aA Textbook of Child Behavior and Development/ | ||
| 250 | _a3rd | ||
| 260 |
_aDelhi, India _bKonark _c1974 |
||
| 300 |
_a288 pages _c21.5 cm |
||
| 490 | _3Child Psychology | ||
| 500 | _aIncludes Index | ||
| 600 | _2Psychology | ||
| 942 |
_2lcc _cBK _n0 |
||
| 999 |
_c4727 _d4727 |
||